000 01748nam a22002537a 4500
999 _c58161
_d58161
003 Ge_BSU
005 20210714134046.0
008 210714s2020 ge ||||| |||| 00| 0 geo d
020 _a9789941828430
041 _ageo
080 _a327(4) ე-34
245 _aევროპის კავშირის ქარტია ძირითადი უფლებების შესახებ /
_cთამარ ლაკერბაიას, გვანცა გუგეშაშვილის და ნონა გელაშვილის თარგმანი; სულხან-საბა ორბელიანის უნივერსიტეტის მიშელ მუსხელის ინსტიტუტი.
264 _aთბილისი :
_bსულხან-საბა ორბელიანის უნივერსიტეტის გამომცემლობა,
_c2020.
300 _a25 გვ. ;
_b18 სმ.
653 _aევროპის კავშირი
653 _aძირითადი უფლებები
653 _aპოლიტიკა
653 _aადამიანის თავისუფლება
700 _aლაკერბაია, თამარ
_eმთარგმნელი
_912250
700 _aგუგეშაშვილი, გვანცა
_eმთარგმნელი
_912251
700 _aგელაშვილი, ნონა
_eმთარგმნელი
_92998
710 _aსულხან-საბა ორბელიანის უნივერსიტეტი
_bმიშელ მუსხელის ინსტიტუტი
_912252
942 _2udc
_cBK